Search & rescue / (Record no. 281115)
[ view plain ]
| 000 -LEADER | |
|---|---|
| fixed length control field | 02043cam a2200481 a 4500 |
| 001 - CONTROL NUMBER | |
| control field | ocn781848434 |
| 003 - CONTROL NUMBER IDENTIFIER | |
| control field | OCoLC |
| 005 - DATE AND TIME OF LATEST TRANSACTION | |
| control field | 20200320191310.0 |
| 008 - FIXED-LENGTH DATA ELEMENTS--GENERAL INFORMATION | |
| fixed length control field | 120326s2013 mnua c 001 0 eng |
| 010 ## - LIBRARY OF CONGRESS CONTROL NUMBER | |
| LC control number | 2012005331 |
| 020 ## - INTERNATIONAL STANDARD BOOK NUMBER | |
| International Standard Book Number | 9781617835162 (hbk.) |
| 020 ## - INTERNATIONAL STANDARD BOOK NUMBER | |
| International Standard Book Number | 1617835161 (hbk.) |
| 020 ## - INTERNATIONAL STANDARD BOOK NUMBER | |
| Terms of availability | 18.95 |
| 035 ## - SYSTEM CONTROL NUMBER | |
| System control number | (OCoLC)781848434 |
| 037 ## - SOURCE OF ACQUISITION | |
| Stock number | 1347125 |
| Source of stock number/acquisition | QBI |
| 040 ## - CATALOGING SOURCE | |
| Original cataloging agency | DLC |
| Language of cataloging | eng |
| Transcribing agency | DLC |
| Modifying agency | IG# |
| -- | BDX |
| -- | OCLCO |
| -- | QBX |
| -- | KLP |
| -- | WACOL |
| 049 ## - LOCAL HOLDINGS (OCLC) | |
| Holding library | WACL |
| 050 00 - LIBRARY OF CONGRESS CALL NUMBER | |
| Classification number | TL553.8 |
| Item number | .O456 2013 |
| 082 00 - DEWEY DECIMAL CLASSIFICATION NUMBER | |
| Classification number | 363.1/081 |
| Edition number | 23 |
| 092 ## - LOCALLY ASSIGNED DEWEY CALL NUMBER (OCLC) | |
| Classification number | J363.1 |
| Item number | Oll |
| 100 1# - MAIN ENTRY--PERSONAL NAME | |
| Personal name | Ollhoff, Jim, |
| Dates associated with a name | 1959- |
| 9 (RLIN) | 5703346 |
| 245 10 - TITLE STATEMENT | |
| Title | Search & rescue / |
| Statement of responsibility, etc | by Jim Ollhoff. |
| 246 3# - VARYING FORM OF TITLE | |
| Title proper/short title | Search and rescue |
| 260 ## - PUBLICATION, DISTRIBUTION, ETC. (IMPRINT) | |
| Place of publication, distribution, etc | Minneapolis, MN : |
| Name of publisher, distributor, etc | ABDO Pub., |
| Date of publication, distribution, etc | c2013. |
| 300 ## - PHYSICAL DESCRIPTION | |
| Extent | 32 p. : |
| Other physical details | col. ill. ; |
| Dimensions | 25 cm. |
| 490 1# - SERIES STATEMENT | |
| Series statement | Emergency workers! |
| 521 1# - TARGET AUDIENCE NOTE | |
| Target audience note | 10-14 |
| 500 ## - GENERAL NOTE | |
| General note | Includes index. |
| 505 0# - FORMATTED CONTENTS NOTE | |
| Formatted contents note | Search & rescue -- Search & rescue training -- Search & rescue gear -- Ground search & rescue -- Air-sea search & rescue -- Mountain search & rescue -- Urban search & rescue -- Search & rescue with dogs -- Interview with a search & rescue personnel -- FEMA. |
| 520 ## - SUMMARY, ETC. | |
| Summary, etc | Presents information about search and rescue workers and volunteers, including different places where they may perform rescues, the equipment required, and how they use rescue dogs. |
| 650 #0 - SUBJECT ADDED ENTRY--TOPICAL TERM | |
| Topical term or geographic name as entry element | Search and rescue operations |
| Form subdivision | Juvenile literature. |
| 9 (RLIN) | 5703333 |
| 650 #0 - SUBJECT ADDED ENTRY--TOPICAL TERM | |
| Topical term or geographic name as entry element | Volunteer workers in search and rescue operations |
| Form subdivision | Juvenile literature. |
| 9 (RLIN) | 5880721 |
| 650 #1 - SUBJECT ADDED ENTRY--TOPICAL TERM | |
| Topical term or geographic name as entry element | Search and rescue operations. |
| 9 (RLIN) | 5880722 |
| 650 #1 - SUBJECT ADDED ENTRY--TOPICAL TERM | |
| Topical term or geographic name as entry element | Volunteer workers in search and rescue operations. |
| 9 (RLIN) | 5880723 |
| 830 #0 - SERIES ADDED ENTRY--UNIFORM TITLE | |
| Uniform title | Emergency workers. |
| 9 (RLIN) | 5880724 |
| 938 ## - | |
| -- | Ingram |
| -- | INGR |
| -- | 9781617835162 |
| 938 ## - | |
| -- | Brodart |
| -- | BROD |
| -- | 102195439 |
| -- | $27.07 |
| 938 ## - | |
| -- | Quality Books, Inc. |
| -- | QUAL |
| -- | a 12005331 |
| 942 ## - ADDED ENTRY ELEMENTS (KOHA) | |
| Koha item type | BOOK |
| 948 ## - LOCAL PROCESSING INFORMATION (OCLC); SERIES PART DESIGNATOR (RLIN) | |
| Series part designator, SPT (RLIN) | 06/26/2013 |
| z (OCLC) | Sirsi |
| 994 ## - | |
| -- | 02 |
| -- | WACOL |
| 996 ## - | |
| -- | 100980 |
| -- | 34301001203381 |
| -- | JNF |
| -- | bk |
| -- | wcl |
| -- | i |
| -- | 6 |
| -- | 18.95 |
| -- | pumpkin books |
| -- | 363.1 Oll |
| -- | 03/02/2015 |
| -- | 09/23/2019 |
| -- | 09/09/2019 |
| Withdrawn status | Lost status | Source of classification or shelving scheme | Damaged status | Not for loan | Collection code | Home library | Current library | Shelving location | Date acquired | Cost, normal purchase price | Total Checkouts | Total Renewals | Full call number | Barcode | Date last seen | Date checked out | Cost, replacement price | Price effective from | Koha item type |
|---|---|---|---|---|---|---|---|---|---|---|---|---|---|---|---|---|---|---|---|
| Dewey Decimal Classification | Junior NonFiction | Wasatch County Library | Wasatch County Library | Second Floor | 03/02/2015 | 18.95 | 9 | 4 | J 363.1 Oll | 34301001203381 | 12/26/2025 | 10/14/2025 | 18.95 | 03/20/2020 | BOOK |
